000 00569nam a2200181Ia 4500
008 151018s9999 xx 000 0 und d
082 _bRBASDV32469
_a891.468
100 _aमंजिरी देव
245 _aजगणे व्हावे गाणे
250 _b1
260 _bदेविका
_c1999
300 _a71
600 _aमंजिरी देव
630 _aजगणे व्हावे गाणे
700 _aमंजिरी देव
730 _aजगणे व्हावे गाणे
942 _cBOOK
999 _c1031994
_d1031991